| 000 | 00414nam a22001577a 4500 | ||
|---|---|---|---|
| 005 | 20240607103850.0 | ||
| 008 | 240607b |||||||| |||| 00| 0 eng d | ||
| 082 |
_a612 _bPOM-A |
||
| 100 | _aPommerville Jeffrey C. | ||
| 245 |
_aALcamo's Fundamentals Microbiology / _cJeffrey C.Pommerville |
||
| 250 | _a9th ed. | ||
| 300 |
_a805p. _bill; |
||
| 650 | _aMedical /Microbiology | ||
| 999 |
_c35870 _d35870 |
||